| 000 | 02312cam a22006254i 4500 | ||
|---|---|---|---|
| 003 | PE-LiUPU | ||
| 005 | 20250731170407.0 | ||
| 008 | 150617s1991 pe a rb 000 0 spa d | ||
| 035 | _a(Sirsi) a13604 | ||
| 040 |
_aPE-LiUPU _bspa _cPE-LiUPU _dPE-LiUPU _erda |
||
| 049 | _aPRUA | ||
| 082 | 0 | 4 |
_a153.4 _bG69 _221 |
| 100 | 1 |
_aGonzaléz Moreyra, Raúl, _eautor. |
|
| 245 | 1 | 0 |
_aTemas de psicología cognitiva / _cRaúl Gonzalés Moreyra. |
| 250 | _aPrimera edición. | ||
| 264 | 1 |
_aLima : _bCEDEIS, _c1991. |
|
| 300 |
_a151 páginas : _bilustraciones ; _c21 centímetros |
||
| 336 |
_atext _2rdacontent |
||
| 337 |
_aunmediated _2rdamedia |
||
| 338 |
_avolume _2rdacarrier |
||
| 504 | _aIncluye bibliografía. | ||
| 505 | 0 | _aModelos Teóricos en Psicología -- Biología y Conducta Humana -- Noción de estructura en la psicología de Piaget -- El enfoque Cognitivo: un nuevo paradigma en las ciencias de la Conducta -- Esquema de Psicología Cognitiva. | |
| 526 | _aSEG68 | ||
| 526 | _aSEG70 | ||
| 526 | _aSEG69 | ||
| 526 | _aSEG67 | ||
| 526 | _aSEG43 | ||
| 526 | _aP144 | ||
| 526 | _aP143 | ||
| 526 | _aP131 | ||
| 526 | _aP122 | ||
| 526 | _aP120 | ||
| 526 | _aP117 | ||
| 526 | _aP112 | ||
| 526 | _aP110 | ||
| 526 | _aP106 | ||
| 526 | _aP101 | ||
| 526 | _aP80 | ||
| 526 | _aP59 | ||
| 526 | _aP54 | ||
| 526 | _aP35 | ||
| 526 | _aP33 | ||
| 526 | _aP30 | ||
| 650 | 0 | 4 | _aPsicología cognitiva. |
| 910 |
_ajck _bjvq _cjck _d20150616 |
||
| 942 |
_2ddc _cBOOK |
||
| 949 |
_a153.4 G69 _wDEWEY _c1 _i36843 _lCCODEBUL1 _mBUL _p00.00 _r0 _sY _tBOOK _u19920922 _xBIBLIOTECA _zUNKNOWN _0COMPRA _o.STAFF. Colección Ciencias de la Salud |
||
| 949 |
_a153.4 G69 _wDEWEY _c2 _i32510 _lCCODEBUL1 _mBUL _p00.00 _r0 _sY _tBOOK _u19220922 _xBIBLIOTECA _zUNKNOWN _0COMPRA _o.STAFF. Colección General |
||
| 994 |
_aC0 _bPEPRU |
||
| 596 | _a1 | ||
| 999 |
_a153.4 G69 _wDEWEY _c3990 _i36843 _d3990 _e2020-3-8 _f2021-11-3 _g5 _lCCODEBUL1 _mBUL _n11 _p18.00 _q8 _r0 _sY _tBOOK _u2015-6-17 _xSALUD _PP33 _0COMPRA _o.STAFF. Colección Ciencias de la Salud |
||
| 999 |
_a153.4 G69 _wDEWEY _c2 _i32510 _d2017-8-17 _e2017-8-17 _f2017-2-16 _g1 _lLOST _mBUL _n6 _r1 _sY _tBOOK _u2015-6-17 _xSALUD _zUNKNOWN _0COMPRA _o.STAFF. Colección General |
||
| 980 |
_81 _gALBERTO SANCHEZ Responsable de Automatización |
||